| 000 -LEADER |
| fixed length control field |
00346nam a2200121 4500 |
| 082 ## - DEWEY DECIMAL CLASSIFICATION NUMBER |
| Classification number |
I56x54 |
| 100 ## - MAIN ENTRY--PERSONAL NAME |
| Personal name |
India. National Archives of India |
| 9 (RLIN) |
1036 |
| 245 ## - TITLE STATEMENT |
| Title |
An introduction to national archives |
| Statement of responsibility, etc |
by Ministry of Education |
| 250 ## - EDITION STATEMENT |
| Edition statement |
edited by K.D. Bhargava |
| 260 ## - PUBLICATION, DISTRIBUTION, ETC. (IMPRINT) |
| Place of publication, distribution, etc |
Delhi |
| Name of publisher, distributor, etc |
National Archives of India |
| 300 ## - PHYSICAL DESCRIPTION |
| Extent |
32p. |
| 942 ## - ADDED ENTRY ELEMENTS (KOHA) |
| Source of classification or shelving scheme |
|